[Event "Airthings Masters - Torneo Preliminare"]
[Site "Internet"]
[Date "03.02.2023"]
[Round "3"]
[White "Vokhidov, Shamsiddin"]
[Black "Dominguez Perez, Leinier"]
[Result "1-0"]
[WhiteTitle ""]
[BlackTitle ""]
[WhiteElo "2601"]
[BlackElo "2743"]
[WhiteFideId "14204223"]
[BlackFideId "3503240"]
[EventDate "2023.02.03"]

1. e4 c5 2. Nf3 d6 3. Bb5+ Nd7 4. a4 Nf6 5. Nc3 a6 6. Be2 g6 7. d4 cxd4 8. Nxd4
Bg7 9. O-O b6 10. Nc6 Qc7 11. Nb4 Bb7 12. Nbd5 Nxd5 13. Nxd5 Qd8 14. Be3 O-O 15.
Bd4 Bxd4 16. Qxd4 e5 17. Qd2 Bxd5 18. Qxd5 Nf6 19. Qd3 Qc7 20. Rfd1 Rfd8 21. c3
Kg7 22. Bf3 a5 23. Qb5 Qc5 24. Rd2 Qxb5 25. axb5 Kf8 26. g3 Ke7 27. b3 Rac8 28.
c4 Nd7 29. Bg4 Nc5 30. Bxc8 Nxb3 31. Rb2 Nxa1 32. Bb7 Rd7 33. Bd5 a4 34. Ra2 Nb3
35. Rxa4 Nc5 36. Ra8 Rd8 37. Ra6 Nd7 38. Bc6 Ke6 39. Ra7 f5 40. f3 f4 41. Rb7 g5
42. g4 h6 43. h3 Ke7 44. Kf2 Ke6 45. Ke2 Nc5 46. Rxb6 h5 47. Bd5+ Ke7 48. Rc6
hxg4 49. hxg4 Rh8 50. b6 Rh2+ 51. Kd1 Rb2 52. Rc7+ Kd8 53. Rg7 Rxb6 54. Rxg5 Rb3
55. Rg8+ Ke7 56. g5 Rxf3 57. Rg7+ Ke8 58. g6 Rg3 59. Ra7 Kf8 60. Rf7+ Ke8 61. g7
Nxe4 62. Rf8+ Ke7 63. g8=Q Rxg8 64. Rxg8 Nc5 65. Rg6 e4 66. Ke2 1-0

[Event "Airthings Masters - Torneo Preliminare"]
[Site "Internet"]
[Date "03.02.2023"]
[Round "3"]
[White "Azarov, Sergei"]
[Black "Puranik, Abhimanyu"]
[Result "1-0"]
[WhiteTitle ""]
[BlackTitle ""]
[WhiteElo "2559"]
[BlackElo "2596"]
[WhiteFideId "13501470"]
[BlackFideId "5061245"]
[EventDate "2023.02.03"]

1. e4 e5 2. Nf3 Nc6 3. Bb5 a6 4. Ba4 Nf6 5. O-O b5 6. Bb3 Bb7 7. d3 Bd6 8. a3
O-O 9. Nc3 h6 10. Ne2 Bc5 11. Ng3 d5 12. exd5 Nxd5 13. c3 Re8 14. Ne4 Be7 15.
Re1 Qd7 16. d4 exd4 17. cxd4 Rad8 18. Bd2 Nf6 19. Nc5 Bxc5 20. dxc5 Ne4 21. Be3
Qf5 22. Qc2 Na5 23. Ba2 Bd5 24. Bxd5 Qxd5 25. Bf4 Qb3 26. Rac1 Qxc2 27. Rxc2 Nc4
28. c6 g5 29. Bxc7 Rc8 30. Bg3 Rxc6 31. Rce2 Rce6 32. Bc7 Nc5 33. Rxe6 Rxe6 34.
Rb1 Nd3 35. b3 Nxa3 36. Rd1 Nc5 37. Bd6 Nxb3 38. Bxa3 Na5 39. h4 Nc4 40. Bb4 a5
41. Bc3 b4 42. Ba1 b3 43. hxg5 b2 44. Bxb2 Nxb2 45. Rd8+ Kh7 46. Rd7 Kg7 47.
gxh6+ Rxh6 48. Ra7 Rh5 49. g4 Rd5 50. Kg2 Nc4 51. Kg3 Nd6 52. Nh4 Rd4 53. Ra6
Ne4+ 54. Kg2 Rd5 55. Nf5+ Kh7 56. Rh6+ Kg8 57. Ra6 Kh7 58. f3 Nc3 59. Rf6 Kg8
60. Ne7+ Kg7 61. Nxd5 Nxd5 62. Ra6 1-0

[Event "Airthings Masters - Torneo Preliminare"]
[Site "Internet"]
[Date "03.02.2023"]
[Round "3"]
[White "Paravyan, David"]
[Black "Drygalov, Sergey"]
[Result "1/2-1/2"]
[WhiteTitle ""]
[BlackTitle ""]
[WhiteElo "2586"]
[BlackElo "2547"]
[WhiteFideId "4194985"]
[BlackFideId "24171743"]
[EventDate "2023.02.03"]

1. e4 c5 2. Nf3 d6 3. d4 cxd4 4. Nxd4 Nf6 5. Bd3 Nc6 6. Nxc6 bxc6 7. O-O g6 8.
b3 Bg7 9. Bb2 O-O 10. Nd2 a5 11. a4 d5 12. Qc1 Re8 13. Re1 Qb6 14. exd5 cxd5 15.
Bb5 Ng4 16. Re2 Ba6 17. Bxg7 Bxb5 18. axb5 Kxg7 19. Qb2+ f6 20. Rae1 e5 21. h3
Nh6 22. c4 Nf5 23. cxd5 Qxb5 24. Nf3 Qxd5 25. Rd2 Qc6 26. Rc1 Qb7 27. Qa3 Re7
28. Rcd1 Qb4 29. Qa2 Rb8 30. Rd7 Rb7 31. R7d5 Qxb3 32. Qxb3 Rxb3 33. Rxa5 h5 34.
Rad5 g5 35. Nd2 Rb4 36. Nf1 Kg6 37. Rd8 Rd4 38. g4 hxg4 39. R1xd4 exd4 40. hxg4
Nh4 41. Ng3 Re1+ 42. Kh2 Rd1 43. Rd6 Nf3+ 44. Kh3 d3 45. Ne4 d2 46. Rxf6+ Kg7
47. Rd6 Rh1+ 48. Kg2 d1=Q 49. Rxd1 Rxd1 50. Kxf3 Kg6 51. Ke2 Rd8 52. f3 Ra8 53.
Ke3 Ra5 54. Kf2 Kf7 55. Kg3 Ke6 56. Nd2 Kd5 57. Kf2 Ra2 58. Ke3 Ra3+ 59. Kf2 Kd4
60. Ne4 Ra5 61. Nd6 Kd5 62. Ne4 Kd4 63. Kg3 Rd5 64. Nf6 Ra5 65. Ne4 Rd5 66. Nd2
Ke3 67. Ne4 Ra5 68. Nd6 Kd3 69. Kg2 Ra2+ 70. Kg3 Ra1 71. Kf2 Ra2+ 72. Kg3 Ra1
73. Ne4 Ra5 74. Kf2 Kd4 1/2-1/2

[Event "Airthings Masters - Torneo Preliminare"]
[Site "Internet"]
[Date "03.02.2023"]
[Round "3"]
[White "Grischuk, Alexander"]
[Black "Deac, Bogdan-Daniel"]
[Result "1-0"]
[WhiteTitle ""]
[BlackTitle ""]
[WhiteElo "2745"]
[BlackElo "2700"]
[WhiteFideId "4126025"]
[BlackFideId "1226380"]
[EventDate "2023.02.03"]

1. d4 Nf6 2. Nf3 d5 3. Bg5 Ne4 4. Bh4 c5 5. e3 Nc6 6. Nbd2 Qb6 7. dxc5 Nxc5 8.
c4 e6 9. Qc2 Bd7 10. a3 a5 11. Be2 Be7 12. Bxe7 Nxe7 13. O-O O-O 14. Ne5 Rfc8
15. Nxd7 Nxd7 16. Rac1 Rc7 17. Qb1 Rac8 18. cxd5 exd5 19. Nf3 Nc5 20. Rfd1 Ne6
21. Rxc7 Rxc7 22. h3 g6 23. Nd4 Nxd4 24. Rxd4 Qc5 25. Rd1 Qc2 26. Bd3 Qb3 27.
Rd2 b5 28. Qd1 Qxd1+ 29. Rxd1 b4 30. axb4 axb4 31. Kf1 Kg7 32. Ra1 d4 33. exd4
Rd7 34. Ke2 Rxd4 35. b3 Nd5 36. Bc4 Nc3+ 37. Ke3 Re4+ 38. Kd3 Rf4 39. f3 h5 40.
Ra7 g5 41. Rb7 g4 42. hxg4 hxg4 43. Ke3 gxf3 44. gxf3 Rf6 45. Rxb4 Rd6 46. Rb7
Nd5+ 47. Ke4 Nc3+ 48. Ke5 Rf6 49. f4 Nd1 50. Ke4 Nf2+ 51. Ke5 Ng4+ 52. Ke4 Nf2+
53. Ke3 Ng4+ 54. Kf3 Ne5+ 55. Ke4 Ng6 56. f5 Nh4 57. Be6 Kf8 58. Ke5 Kg7 59. b4
Nf3+ 60. Ke4 Ng5+ 61. Kd5 Nxe6 62. fxe6 Rxe6 63. b5 Re1 64. Rc7 Rb1 65. Kc6 Kg6
66. b6 f5 67. b7 Kg5 68. Rc8 Kf4 69. b8=Q+ Rxb8 70. Rxb8 Ke3 71. Kd5 f4 72. Rb3+
Ke2 73. Ke4 1-0

[Event "Airthings Masters - Torneo Preliminare"]
[Site "Internet"]
[Date "03.02.2023"]
[Round "3"]
[White "Tabatabaei, M. Amin"]
[Black "Shevchenko, Kirill"]
[Result "1/2-1/2"]
[WhiteTitle ""]
[BlackTitle ""]
[WhiteElo "2677"]
[BlackElo "2662"]
[WhiteFideId "12521213"]
[BlackFideId "14129574"]
[EventDate "2023.02.03"]

1. d4 Nf6 2. Nf3 g6 3. Nbd2 Bg7 4. e4 d6 5. Bb5+ c6 6. Bd3 O-O 7. O-O Nbd7 8.
Re1 e5 9. c3 Re8 10. a4 d5 11. dxe5 Nxe5 12. Nxe5 Rxe5 13. Nf3 Bg4 14. Bf4 Re8
15. h3 Bh5 16. e5 Bxf3 17. Qxf3 Nd7 18. Qg3 Re6 19. Re2 Qc7 20. Rae1 Rae8 21. c4
a6 22. cxd5 cxd5 23. Rc1 Qb6 24. Rd2 Bxe5 25. Bxe5 Nxe5 26. Bf1 d4 27. Rcd1 Rd8
28. Qf4 d3 29. Bxd3 Nxd3 30. Rxd3 Rxd3 31. Rxd3 Qxb2 32. Rd7 Qa1+ 33. Kh2 Qf6
34. Qxf6 Rxf6 35. Rxb7 Rf4 36. a5 Ra4 37. Ra7 Rxa5 38. g3 Kg7 39. h4 Kf6 40. Kg2
Ra3 41. Kf1 Ra2 42. Kg2 Ra3 43. Kf1 a5 44. Ra6+ Kg7 45. Kg2 Ra1 46. Kf3 Ra2 47.
Ke3 a4 48. Kf3 h5 49. Ke3 Ra1 50. Kf3 a3 51. Kf4 Ra2 52. Kf3 Kf8 53. Ra7 Ke8 54.
Ke3 Ra1 55. Kf3 f6 56. Ra6 Ke7 57. Kf4 Ra2 58. Kf3 Kf7 59. Ke3 g5 60. hxg5 fxg5
61. Kf3 Ra1 62. Ra5 Kf6 63. Kg2 g4 64. Rxh5 Ke6 65. Ra5 Kd6 66. f4 gxf3+ 67.
Kxf3 Kc6 68. Kg4 Kb6 69. Ra8 Kb5 70. Kf5 Kb4 71. g4 a2 72. g5 Rf1+ 73. Ke6 a1=Q
74. Rxa1 Rxa1 75. g6 Rg1 76. Kf7 Kc5 77. g7 Kd6 78. g8=R Rxg8 79. Kxg8 1/2-1/2

[Event "Airthings Masters - Torneo Preliminare"]
[Site "Internet"]
[Date "03.02.2023"]
[Round "3"]
[White "Fedoseev, Vladimir3"]
[Black "Rustemov, Alexander"]
[Result "0-1"]
[WhiteTitle ""]
[BlackTitle ""]
[WhiteElo "2674"]
[BlackElo "2525"]
[WhiteFideId "24130737"]
[BlackFideId "4119002"]
[EventDate "2023.02.03"]

1. d4 d5 2. c4 e6 3. Nf3 Nf6 4. g3 Bb4+ 5. Bd2 Be7 6. Bg2 O-O 7. O-O Nbd7 8. Qc2
c6 9. Bf4 b6 10. Rd1 Bb7 11. Ne5 Nh5 12. Bd2 Nhf6 13. cxd5 cxd5 14. Nc6 Bxc6 15.
Qxc6 Qc8 16. Qa4 Qb7 17. Bb4 b5 18. Qa3 Bxb4 19. Qxb4 a5 20. Qb3 b4 21. a4 Rfc8
22. Nd2 Qc6 23. e3 Nb6 24. Bf1 Nc4 25. Nf3 Nd6 26. Bd3 Rc7 27. Kg2 Rac8 28. Rd2
Nfe4 29. Re2 f6 30. Rae1 Qb7 31. h4 h5 32. Nh2 Nc4 33. Nf1 f5 34. Rd1 g6 35. Nh2
Kg7 36. Nf3 Rc6 37. Rde1 Qc7 38. Qd1 Nb6 39. Ne5 Rc1 40. Qxc1 Qxc1 41. Rxc1 Rxc1
42. b3 Rc3 43. Rc2 Rxb3 44. Rc6 Nc4 45. Rc7+ Kg8 46. Nxc4 Rxd3 47. Nxa5 Rd2 48.
Rb7 Rxf2+ 49. Kg1 Rf3 50. Nc6 Rxg3+ 51. Kf1 Rxe3 52. a5 Ra3 53. Rxb4 f4 54. Rb8+
Kg7 55. Rb7+ Kf6 56. Ne5 Ng3+ 57. Kg2 Kf5 58. Nf3 Rxa5 59. Kh3 Ke4 60. Ng5+ Kxd4
61. Nxe6+ Ke5 62. Ng5 Ra3 63. Re7+ Kd6 64. Re6+ Kc5 65. Rxg6 Nf5+ 66. Kh2 Nxh4
67. Rf6 Nf3+ 68. Nxf3 Rxf3 69. Rf5 h4 70. Kg2 Rg3+ 71. Kf2 h3 72. Rxf4 Rg2+ 73.
Kf1 Ra2 74. Kg1 d4 75. Rf3 Kc4 76. Rxh3 Re2 77. Kf1 d3 78. Rh8 Re4 79. Rc8+ Kd4
80. Kf2 d2 81. Rd8+ Kc3 82. Rc8+ Kd3 83. Rd8+ Kc2 84. Rc8+ Kd1 85. Rd8 Re7 86.
Rd5 Rf7+ 87. Kg2 Ke2 88. Re5+ Kd3 89. Rd5+ Ke3 90. Rd8 Rf4 0-1

[Event "Airthings Masters - Torneo Preliminare"]
[Site "Internet"]
[Date "03.02.2023"]
[Round "3"]
[White "Perez Ponsa, Federico"]
[Black "Mamedov, Rauf"]
[Result "1/2-1/2"]
[WhiteTitle ""]
[BlackTitle ""]
[WhiteElo "2532"]
[BlackElo "2646"]
[WhiteFideId "117927"]
[BlackFideId "13401653"]
[EventDate "2023.02.03"]

1. e4 c5 2. Nf3 Nc6 3. Bb5 g6 4. O-O Bg7 5. c3 Nf6 6. Re1 O-O 7. d4 d5 8. e5 Ne4
9. Bxc6 bxc6 10. Be3 Rb8 11. Qc1 cxd4 12. cxd4 Bf5 13. Nc3 f6 14. exf6 exf6 15.
Nxe4 Bxe4 16. Nd2 Qd7 17. f3 Bf5 18. Nb3 g5 19. Nc5 Qf7 20. Bf2 Rfe8 21. Qd2 Bf8
22. b3 h5 23. h4 Qg6 24. Rxe8 Rxe8 25. Re1 Rxe1+ 26. Qxe1 g4 27. Kh2 Bc8 28. Bg3
gxf3 29. gxf3 Qf5 30. Qf2 Kf7 31. Qg2 Bxc5 32. dxc5 d4 33. b4 d3 34. Be1 Qe5+
35. Bg3 Qe3 36. Bf2 Qf4+ 37. Bg3 Qxb4 38. a3 Qc3 39. Bf4 Qd4 40. Qd2 Be6 41. Qe3
Qb2+ 42. Kg3 Qa1 43. Qc1 Qa2 44. Qc3 Qe2 45. Qd2 Qf1 46. Qg2 Qe1+ 47. Qf2 Qc3
48. Bd2 Qxa3 49. Qd4 Qb3 50. Bc3 Qb8+ 51. Kf2 Qh2+ 52. Ke3 Qe2+ 53. Kf4 Ke8 54.
Qxf6 d2 55. Qh8+ Kd7 56. Qd4+ Bd5 57. Bxd2 Qxf3+ 58. Kg5 Kc8 59. Bf4 Qg4+ 60.
Kh6 Qxh4 61. Qe5 Kb7 62. Qg7+ Ka6 63. Qa1+ Kb5 64. Qb2+ Kc4 65. Qc2+ Kb4 66.
Qb2+ Kxc5 67. Qc3+ Kb5 68. Qb2+ Kc4 69. Qc2+ Kd4 70. Qd2+ Kc5 71. Qc3+ Kb6 72.
Qb4+ Ka6 73. Qa4+ Kb7 74. Qb4+ Kc8 75. Qb8+ Kd7 76. Qd6+ Ke8 77. Qg6+ Kd7 78.
Qd6+ Ke8 79. Qg6+ Kd7 80. Qd6+ 1/2-1/2

[Event "Airthings Masters - Torneo Preliminare"]
[Site "Internet"]
[Date "03.02.2023"]
[Round "3"]
[White "Le, Tuan Minh"]
[Black "Predke, Alexandr"]
[Result "0-1"]
[WhiteTitle ""]
[BlackTitle ""]
[WhiteElo "2542"]
[BlackElo "2684"]
[WhiteFideId "12401153"]
[BlackFideId "24107581"]
[EventDate "2023.02.03"]

1. d4 Nf6 2. Nf3 e6 3. Bf4 c5 4. c3 Nc6 5. e3 h6 6. Bd3 Nh5 7. Bg3 Nxg3 8. hxg3
d5 9. Nbd2 Qb6 10. Rb1 cxd4 11. exd4 Bd6 12. Qe2 Qd8 13. Rd1 Bd7 14. Ne5 Bxe5
15. dxe5 Qc7 16. Nf3 O-O-O 17. O-O f6 18. Rfe1 fxe5 19. Nxe5 Nxe5 20. Qxe5 Qxe5
21. Rxe5 g5 22. c4 Rhf8 23. cxd5 exd5 24. Rxd5 Be6 25. Rxd8+ Rxd8 26. a3 Kc7 27.
f3 Bb3 28. Rc1+ Kb6 29. Rc3 Bd5 30. g4 Bc6 31. Kf2 Re8 32. Rc1 a5 33. g3 Rf8 34.
Be2 Rd8 35. Rd1 Rxd1 36. Bxd1 Kc5 37. Ke3 b6 38. f4 Kd6 39. Bf3 Bd7 40. Kd4 Bc8
41. b4 axb4 42. axb4 Bd7 43. f5 Bb5 44. Bd1 Bc6 45. Be2 Ba4 46. Bf3 Bb5 47. Bd1
Bc6 48. Be2 Ba4 49. Ke3 Ke5 50. Bf3 Bb5 51. Be2 Bc6 52. Kd2 Bd5 53. Ke3 Bc6 54.
Bc4 Bb7 55. Bf7 Bc6 56. Kd3 Bb5+ 57. Kc3 Be2 58. Bh5 Bb5 59. Kd2 Bc6 60. Kd3
Bb5+ 61. Ke3 Bc4 62. Be8 Bb3 63. Bb5 Bd1 64. Be2 Bb3 65. Kd3 Bd5 66. Kc3 Bf7 67.
Bc4 Be8 68. Be6 Bb5 69. Bc4 Bc6 70. Be2 Bd5 71. Bd1 Bf7 72. Bb3 Be8 73. Kc4 Bf7+
74. Kc3 Be8 75. Bc4 Bc6 76. Be6 Bf3 77. Kc4 Be2+ 78. Kc3 Bxg4 79. Kc4 Bxf5 80.
Bf7 Bd7 81. Bh5 Ke4 82. Bd1 g4 83. Kc3 Ke3 0-1

[Event "Airthings Masters - Torneo Preliminare"]
[Site "Internet"]
[Date "03.02.2023"]
[Round "3"]
[White "Mitrabha, Guha"]
[Black "Gadimbayli, Abdulla"]
[Result "1-0"]
[WhiteTitle ""]
[BlackTitle ""]
[WhiteElo "2510"]
[BlackElo "2507"]
[WhiteFideId "5057000"]
[BlackFideId "13404938"]
[EventDate "2023.02.03"]

1. c4 Nf6 2. Nc3 e5 3. Nf3 Nc6 4. e4 Bb4 5. d3 d6 6. a3 Bc5 7. b4 Bb6 8. Be3 Bg4
9. Be2 Bxf3 10. Bxf3 Nd4 11. O-O O-O 12. Na4 Nxf3+ 13. Qxf3 Bxe3 14. fxe3 c6 15.
Nc3 a5 16. b5 Nd7 17. Rf2 a4 18. Qe2 Qa5 19. Qc2 Rfc8 20. Rb1 Nc5 21. Rb4 Ne6
22. Rf3 h5 23. h3 Nc7 24. Qb2 Ne6 25. Kh2 h4 26. Rxa4 Qb6 27. Rb4 Ng5 28. bxc6
Nxf3+ 29. gxf3 Qxc6 30. Nd5 Re8 31. Rxb7 Qxb7 32. Qxb7 Reb8 33. Qd7 Rxa3 34. Nb6
Ra2+ 35. Kg1 Rb2 36. Na4 Rc2 37. Nb6 Rb2 38. f4 R2xb6 39. Kf2 Rb1 40. Qxd6 R8b2+
41. Kf3 exf4 42. Qd8+ Kh7 43. Qxh4+ Kg8 44. Kxf4 f6 45. Kf5 Rb6 46. c5 Rf1+ 47.
Kg4 Rb2 48. Qg3 Rc2 49. d4 Kh7 50. Kh5 Rff2 51. Qg6+ Kh8 52. c6 Rg2 53. Qe8+ Kh7
54. Qd7 Rg5+ 55. Kh4 Re2 56. c7 Rxe3 57. c8=Q Rxe4+ 58. Qg4 Rgxg4+ 59. hxg4 Rxd4
60. Qf5+ Kg8 61. Kh5 Kf7 62. Qg6+ Kf8 63. Qc2 Rd5+ 64. Kg6 Rg5+ 65. Kh7 Kf7 66.
Qc8 Ke7 67. Qc4 Kf8 68. Qe6 Re5 69. Qc8+ Kf7 70. Qg8+ Ke7 71. Qxg7+ Ke6 72. Qb7
Rg5 73. Qe4+ Kf7 74. Qc4+ Ke7 75. Kh6 Re5 76. Qc7+ Ke6 77. Qc8+ Ke7 78. Qb7+ Ke6
79. Qg7 Rc5 80. Qg6 Re5 81. Qe8+ Kd5 82. Qf7+ Re6 83. Kg6 Ke5 84. Qc7+ Kd5 85.
Kf5 Re1 86. Qd7+ Kc5 87. Kxf6 1-0

[Event "Airthings Masters - Torneo Preliminare"]
[Site "Internet"]
[Date "03.02.2023"]
[Round "3"]
[White "Pranav, Anand"]
[Black "Pranav, V"]
[Result "0-1"]
[WhiteTitle ""]
[BlackTitle ""]
[WhiteElo "2525"]
[BlackElo "2545"]
[WhiteFideId "46626786"]
[BlackFideId "25060783"]
[EventDate "2023.02.03"]

1. d4 Nf6 2. c4 e6 3. g3 c5 4. d5 exd5 5. cxd5 b5 6. e4 Nxe4 7. Bg2 Nd6 8. Bf4
Be7 9. Nf3 O-O 10. O-O Re8 11. Re1 Bf8 12. Nc3 b4 13. Na4 Na6 14. Rc1 Bb7 15.
Nxc5 Nxc5 16. Rxc5 Qb6 17. Rc1 Rxe1+ 18. Nxe1 Re8 19. Nf3 Ne4 20. Be3 Bc5 21.
Bxc5 Nxc5 22. Qd4 d6 23. Re1 Rxe1+ 24. Nxe1 Qa5 25. Qf4 b3 26. Qe3 Kf8 27. axb3
Ba6 28. h4 Qa1 29. Kh2 Qxb2 30. Qf4 Ke7 31. b4 Nd7 32. Qe3+ Qe5 33. Nc2 Qxe3 34.
Nxe3 g6 35. g4 Ne5 36. Kg3 Nd3 37. Nc2 Bc4 38. Be4 Nc1 39. Nd4 a6 40. Kf3 Na2
41. Nc6+ Kd7 42. Ke3 Bb5 43. Kd4 Nc1 44. Na7 Be2 45. g5 Bf1 46. Nc6 Ne2+ 47. Ke3
Nc3 48. Bf3 Bb5 49. Kd4 Na2 50. Be4 Nc1 51. Na7 Bf1 52. Bf3 Nd3 53. Nc6 Nxf2 54.
Ke3 Nd3 55. Nb8+ Kc8 56. Nxa6 Ne5 57. Be2 Bxe2 58. Kxe2 Kb7 59. b5 Kb6 60. Ke3
Kxb5 61. Nc7+ Kc5 62. Ke4 Nd7 63. Ne8 Nb6 64. Nf6 Kc4 65. Ne8 Kc5 66. Nf6 Na4
67. Kd3 Nb2+ 68. Ke4 Nd1 69. Kd3 Nb2+ 70. Ke4 Nc4 71. Nxh7 Nd2+ 72. Ke3 Nb1 73.
Nf6 Nc3 74. Ng4 Kxd5 75. Nh6 Ke6 76. Ng4 Nd5+ 77. Ke4 Ne7 78. Kf4 Nf5 79. h5
gxh5 80. Nf6 h4 81. Kg4 d5 82. Nh5 d4 83. Nf4+ Ke5 84. Nd3+ Ke4 85. Nc5+ Ke3 86.
Kxf5 h3 87. Kf6 h2 88. Kxf7 h1=Q 89. g6 Qd5+ 90. Ne6 Qf5+ 0-1

[Event "Airthings Masters - Torneo Preliminare"]
[Site "Internet"]
[Date "03.02.2023"]
[Round "3"]
[White "Aronian, Levon"]
[Black "Chigaev, Maksim"]
[Result "1-0"]
[WhiteTitle ""]
[BlackTitle ""]
[WhiteElo "2736"]
[BlackElo "2632"]
[WhiteFideId "13300474"]
[BlackFideId "4108116"]
[EventDate "2023.02.03"]

1. e4 c5 2. Nf3 e6 3. c3 d5 4. exd5 Qxd5 5. d4 Nf6 6. Na3 Qd8 7. Nc2 Nc6 8. g3
Be7 9. Bg2 O-O 10. O-O Bd7 11. Bg5 cxd4 12. Nfxd4 h6 13. Nxc6 Bxc6 14. Bxf6 Bxf6
15. Bxc6 bxc6 16. Ne3 Rb8 17. Qe2 Qb6 18. Nc4 Qa6 19. Rfd1 Rfd8 20. Rxd8+ Rxd8
21. Kf1 c5 22. a4 g6 23. a5 Kg7 24. f3 h5 25. h4 Qb5 26. Kf2 Rd7 27. Rh1 Qc6 28.
Qe4 Rd5 29. Kg2 Qd7 30. Re1 Qd8 31. Re2 Qd7 32. Qf4 Qb5 33. Qe4 Qd7 34. Qc2 Qb5
35. Re4 Qd7 36. Qf2 Qd8 37. Rf4 Qd7 38. Re4 Qd8 39. Qc2 Qd7 40. Re2 Rd3 41. Kf2
Qd5 42. Ne3 Qd8 43. Qa4 Rd6 44. Qb5 Qc7 45. Nc4 Rd8 46. Rd2 Rd5 47. a6 Bxh4 48.
gxh4 Qh2+ 49. Ke3 Qxh4 50. Ke2 Qh2+ 51. Kd1 Qh1+ 52. Kc2 Qxf3 53. Rxd5 exd5 54.
Nd2 Qf2 55. Qd7 c4 56. Qxd5 h4 57. Qd4+ Qxd4 58. cxd4 h3 59. Nf1 g5 60. Ng3 Kf6
61. Kc3 Ke6 62. Kxc4 f5 63. Kd3 f4 64. Nh1 Kd5 65. b4 g4 66. b5 g3 67. b6 g2 68.
bxa7 g1=Q 69. a8=Q+ Kd6 70. Qf8+ Kc6 71. Qc5+ Kd7 72. Qb5+ Kc7 73. Qb7+ Kd6 74.
Qb8+ Kc6 75. d5+ Kxd5 76. Qb7+ Ke5 77. Qe7+ Kd5 78. Qf7+ Kc6 79. Qb7+ Kd6 80.
Qb8+ Kd5 81. a7 Qd1+ 82. Kc3 Qc1+ 83. Kb4 Qb2+ 84. Ka5 Qa3+ 85. Kb6 Qc5+ 86. Ka6
Qa3+ 87. Kb7 Qb2+ 88. Ka8 Qg2 89. Qc7 Kd4+ 90. Kb8 Qxh1 91. Qxf4+ Kd3 92. a8=Q
Qb1+ 93. Qb7 1-0

[Event "Airthings Masters - Torneo Preliminare"]
[Site "Internet"]
[Date "03.02.2023"]
[Round "3"]
[White "Pap, Gyula"]
[Black "Deviatkin, Andrei"]
[Result "1-0"]
[WhiteTitle ""]
[BlackTitle ""]
[WhiteElo "2429"]
[BlackElo "2442"]
[WhiteFideId "725323"]
[BlackFideId "4121260"]
[EventDate "2023.02.03"]

1. e4 c6 2. d4 d5 3. e5 Bf5 4. Nd2 e6 5. Nb3 Nd7 6. Nf3 a6 7. Be2 Ne7 8. Nh4 Be4
9. O-O c5 10. f3 Bg6 11. c3 Nc6 12. Nxg6 hxg6 13. g3 Rc8 14. Be3 Qb6 15. Qd2 Na5
16. Nxa5 Qxa5 17. Bd3 cxd4 18. cxd4 Qxd2 19. Bxd2 Nb8 20. Rfc1 Rxc1+ 21. Rxc1
Kd7 22. h4 Nc6 23. Be3 Bb4 24. Kf2 Ba5 25. Bb1 b5 26. f4 Bb6 27. Rd1 Ne7 28. Rc1
Nc6 29. Rd1 Rc8 30. g4 Na5 31. Kg3 Nc6 32. Kf3 Rh8 33. Bf2 Ne7 34. Rc1 Nc6 35.
Rd1 Ne7 36. Bd3 Nc6 37. Be2 Na5 38. b3 Rc8 39. Bd3 Nc6 40. Bb1 Ne7 41. Be1 Nc6
42. Bf2 Ne7 43. Be1 Bxd4 44. Rxd4 Rc1 45. Bxg6 fxg6 46. Bd2 Rc2 47. a4 Nc6 48.
Rd3 b4 49. Be3 a5 50. Bd2 Rb2 51. Ke3 Rb1 52. Kf3 Rf1+ 53. Kg2 Rd1 54. Kf3 Rh1
55. Kg3 Rb1 56. Kf3 Ne7 57. Ke2 Rg1 58. Kf3 Rh1 59. Kg3 Rd1 60. Kf3 Rb1 61. Kf2
Nc6 62. Kg2 Rd1 63. Kf2 Nd8 64. Ke2 Rg1 65. Kf3 Rf1+ 66. Ke2 Rh1 67. Be1 Nb7 68.
Bf2 Rb1 69. f5 gxf5 70. gxf5 Ke7 71. Rg3 Kf7 72. fxe6+ Kxe6 73. Rxg7 Nd8 74. h5
Rxb3 75. h6 Rh3 76. h7 Nf7 77. Bd4 b3 78. Rg6+ Ke7 79. e6 Rxh7 80. exf7 Kxf7 81.
Rb6 Rh4 82. Kd3 Rh3+ 83. Kd2 Rh4 84. Kd3 Rh3+ 85. Be3 d4 86. Kxd4 Rh4+ 87. Ke5
Rxa4 88. Rxb3 Rb4 89. Ra3 Rb5+ 90. Kd4 Ke6 91. Kc4 Rb4+ 92. Kc5 Re4 93. Bd4 Rg4
94. Re3+ Kd7 95. Kd5 Rg5+ 96. Be5 Rg1 97. Rh3 Rd1+ 98. Bd4 Re1 99. Rh6 Rd1 100.
Rh7+ Kd8 101. Ra7 a4 102. Rxa4 Kd7 103. Ra7+ Kd8 104. Ke5 Rd2 105. Bc5 Rd7 106.
Ra6 Rd1 107. Bd6 Kd7 108. Ra7+ Kc6 109. Rc7+ Kb5 110. Rc2 Rh1 111. Kd5 Rh5+ 112.
Be5 Rg5 113. Rb2+ Ka5 114. Kd4 Rh5 115. Rb1 Rg5 116. Bc7+ Ka4 117. Bd6 Rg4+ 118.
Kc3 Ka5 119. Be5 Rg5 120. Bd4 Ka6 121. Kc4 Rg6 122. Kd5 Rg5+ 123. Be5 Ka5 124.
Rb8 Rh5 125. Kd6 Ka4 126. Bd4 Rb5 127. Ra8+ Kb4 128. Ra1 Kc4 129. Be5 Rb6+ 130.
Ke7 Kd5 131. Ra5+ Ke4 132. Bd6 Rb1 133. Ke6 Rb3 134. Ra4+ Ke3 135. Rh4 Kd3 136.
Kd5 1-0

[Event "Airthings Masters - Torneo Preliminare"]
[Site "Internet"]
[Date "03.02.2023"]
[Round "4"]
[White "Ter-Sahakyan, Samvel"]
[Black "Aronian, Levon"]
[Result "1/2-1/2"]
[WhiteTitle ""]
[BlackTitle ""]
[WhiteElo "2616"]
[BlackElo "2736"]
[WhiteFideId "13302531"]
[BlackFideId "13300474"]
[EventDate "2023.02.03"]

1. d4 d5 2. c4 dxc4 3. e4 e5 4. Nf3 Bb4+ 5. Bd2 Bxd2+ 6. Qxd2 exd4 7. Qxd4 Qxd4
8. Nxd4 Ne7 9. Nc3 a6 10. a4 O-O 11. Bxc4 Nbc6 12. O-O-O Nxd4 13. Rxd4 Nc6 14.
Rd2 Na5 15. Ba2 Be6 16. Bxe6 fxe6 17. Kc2 Nc4 18. Re2 Rad8 19. Rd1 Rxd1 20. Nxd1
Rd8 21. Ne3 1/2-1/2

[Event "Airthings Masters - Torneo Preliminare"]
[Site "Internet"]
[Date "03.02.2023"]
[Round "4"]
[White "Tang, Andrew"]
[Black "Haub, Thorsten Michael"]
[Result "1-0"]
[WhiteTitle ""]
[BlackTitle ""]
[WhiteElo "2522"]
[BlackElo "2414"]
[WhiteFideId "2059630"]
[BlackFideId "4610776"]
[EventDate "2023.02.03"]

1. d4 g6 2. c4 Bg7 3. Nc3 c5 4. d5 Nf6 5. e4 d6 6. Nge2 O-O 7. Ng3 e6 8. Be2
exd5 9. cxd5 h5 10. Bg5 Nbd7 11. O-O a6 12. a4 Qb6 13. Qd2 Re8 14. h3 Rb8 15. a5
Qc7 16. f4 b5 17. e5 dxe5 18. f5 e4 19. d6 Qc6 20. fxg6 fxg6 21. Bh6 h4 22. Qg5
Bxh6 23. Qxg6+ Kh8 24. Qxh6+ Nh7 25. Rf7 Nf8 26. Qg7# 1-0

[Event "Airthings Masters - Torneo Preliminare"]
[Site "Internet"]
[Date "03.02.2023"]
[Round "4"]
[White "Sadhwani, Raunak"]
[Black "Bartel, Mateusz"]
[Result "1-0"]
[WhiteTitle ""]
[BlackTitle ""]
[WhiteElo "2627"]
[BlackElo "2615"]
[WhiteFideId "35093487"]
[BlackFideId "1112635"]
[EventDate "2023.02.03"]

1. d4 d5 2. Nc3 e6 3. e4 Nf6 4. Bg5 dxe4 5. Nxe4 Be7 6. Bxf6 gxf6 7. Nc3 Qd6 8.
g3 Qb6 9. Rb1 Nc6 10. Nge2 e5 11. dxe5 Bc5 12. Ne4 Nxe5 13. Bg2 Bf5 14. O-O Nd7
15. b4 Be7 16. Nf4 Bxe4 17. Bxe4 c6 18. b5 Qc7 19. bxc6 bxc6 20. Re1 O-O-O 21.
Qe2 1-0

[Event "Airthings Masters - Torneo Preliminare"]
[Site "Internet"]
[Date "03.02.2023"]
[Round "4"]
[White "Vidit, Santosh Gujrathi"]
[Black "Shevchenko, Kirill"]
[Result "1-0"]
[WhiteTitle ""]
[BlackTitle ""]
[WhiteElo "2730"]
[BlackElo "2662"]
[WhiteFideId "5029465"]
[BlackFideId "14129574"]
[EventDate "2023.02.03"]

1. d4 Nf6 2. c4 g6 3. Nc3 Bg7 4. e4 d6 5. Nf3 O-O 6. Be2 e5 7. Be3 Na6 8. O-O
Qe7 9. Bg5 c6 10. c5 exd4 11. cxd6 Qe6 12. Qxd4 Ng4 13. Qd2 Nc5 14. Be7 Re8 15.
h3 Ne5 16. Nd4 Qd7 17. Rad1 Rxe7 18. dxe7 Qxe7 19. f4 Ned3 20. e5 Nxe5 21. fxe5
Bxe5 22. Bc4 1-0